| 000 | 00528nam a2200145 a 4500 | ||
|---|---|---|---|
| 008 | 120416s1953 ||||||||||||||||| || u | ||
| 050 | _aQD 172.R2 Vic | ||
| 100 | _aVickery, R. C | ||
| 245 | 1 | 0 | _aChemistry of the lanthanons |
| 260 |
_aLondon _bButterworths _c1953 |
||
| 350 | _a0.00 | ||
| 650 | 0 | _aCHEMISTRY--HANDBOOKS, MANUALS, ETC | |
| 650 | _aCHEMISTRY, LANTHANONS | ||
| 995 |
_D0.00 _FCBU-MAIN LIBRARY (Kitwe) _H1 _I1.75 _M1 _UAVAILABLE _ZAnnex Low-Usage Collection |
||
| 999 |
_c37228 _d37228 |
||